Normal view
MARC view
Entry Personal Name
001 - CONTROL NUMBER
- control field: 17417
003 - CONTROL NUMBER IDENTIFIER
- control field: OSt
005 - DATE AND TIME OF LATEST TRANSACTION
- control field: 20240618095409.0
008 - FIXED-LENGTH DATA ELEMENTS
- fixed length control field: 240618|| aca||aabn | a|a d
040 ## - CATALOGING SOURCE
- Original cataloging agency: OSt
- Transcribing agency: OSt
100 ## - HEADING--PERSONAL NAME
- Personal name: Gamerman, D
670 ## - SOURCE DATA FOUND
- Source citation: Work cat.: (OSt)8590: Migon,H S 17416, Statistical inference:, c1999
